Educational status of scheduled Castes in Uttar Pradesh : (Record no. 27292)

MARC details
000 -LEADER
fixed length control field 00508nam a2200169Ia 4500
041 ## - LANGUAGE CODE
Language code of text/sound track or separate title English
082 ## - DEWEY DECIMAL CLASSIFICATION NUMBER
Classification number RK.0306
100 ## - MAIN ENTRY--AUTHOR NAME
Personal name Kumar, Narender
245 #0 - TITLE STATEMENT
Title Educational status of scheduled Castes in Uttar Pradesh :
Sub Title attainments and challenges /
Statement of responsibility, etc Narender Kumar
260 ## - PUBLICATION, DISTRIBUTION, ETC. (IMPRINT)
Place of publication New Delhi :
Name of publisher/Sponsor Indian Council oF Social Science Research,
300 ## - PHYSICAL DESCRIPTION
Number of Pages x, 332 p.
536 ## - FUNDING INFORMATION NOTE
Funding Agency Indian Council of Social Science Research
546 ## - LANGUAGE NOTE
Language note English
650 ## - SUBJECT ADDED ENTRY--TOPICAL TERM
Topical Term Education
650 ## - SUBJECT ADDED ENTRY--TOPICAL TERM
Topical Term Caste
942 ## - ADDED ENTRY ELEMENTS (KOHA)
Koha item type Research Reports
Source of classification or shelving scheme Dewey Decimal Classification
Holdings
Withdrawn status Lost status Damaged status Not for loan Collection code Home library Current library Date acquired Source of acquisition Full call number Accession Number Koha item type
      Not For Loan Minor Research project Reports NASSDOC Library NASSDOC Library 04/01/2022 Gifted by: RP Division ICSSR RK.0306 51981 Research Reports